000 00586nam a2200229Ia 4500
003 OSt
005 20220918215121.0
006 a|||||r|||| 00| 0
007 ta
008 220917b |||||||| |||| 00| 0 eng d
024 _a140,146
037 _cTextual
040 _aARTS
_cARTS
_beng
041 _2eng
_aeng
082 _aY1:1:1:73:N3, H8
100 _aDrepperd C W
_9133311
245 0 _aPioneer America, its first three centuries
260 _c1948
650 _aSOCIOLOGY
942 _hY1:1:1:73:N3, H8
_cTEXL
_2CC
999 _c263128
_d263128